008910000a22002050004500003001100000005001700011008004100028020001500069040003900084041000800123082001500131100001500146245005600161260004500217300003300262490003600295520026900331650003700600650004800637LK-CoMWRAF20240203102357.0230817t1999 ||||| |||| 00| 0 eng d a0850925959 aLK-CoMWRAFdLK-CoMWRAFeLK-CoMWRAF aeng a305.3bBEC aBeck, Tony aA Quick Guide to Using Gender- Sensitive Indicators aLondon:bCommonwealth Secretariat,c1999 a50 p.bBibliography included aGender Management System Series aThis Quick Guide offers short, user-friendly coverage of 'Using Gender Sensitive Indicators', a larger, sectoral guide within the Management System (GMS) resource kit. GMS is an innovative system developed by the Commonwealth Secretariat for gender mainstreaming.  aEquality- Commonwealth countries aWomen in development-Commonwealth countries